Central Library OPAC University of Rajshahi

Refrigeration and air conditioning / (Record no. 54500)

MARC details
000 -LEADER
fixed length control field 00824nam a2200253 a 4500
001 - CONTROL NUMBER
control field 54500
003 - CONTROL NUMBER IDENTIFIER
rucl marc code BD-RjUL
005 - DATE AND TIME OF LATEST TRANSACTION
control field 20211209080129.0
008 - FIXED-LENGTH DATA ELEMENTS--GENERAL INFORMATION
fixed length control field 161107r19831982ii a b 001 0 eng
035 ## - SYSTEM CONTROL NUMBER
System control number (BD-RjUL)54622
040 ## - CATALOGING SOURCE
Original cataloging agency DLC
Transcribing agency DLC
Modifying agency DLC
-- BD-RjUL
Language of cataloging eng
041 ## - LANGUAGE CODE
Language code of text/sound track or separate title eng
082 00 - DEWEY DECIMAL CLASSIFICATION NUMBER
Edition number 23
Classification number 621.5
Author mark and year STR 1983
100 1# - MAIN ENTRY--PERSONAL NAME
Personal name Stoecker, W. F.
9 (RLIN) 162591
245 10 - TITLE STATEMENT
Title Refrigeration and air conditioning /
Statement of responsibility, etc. W.F. Stoecker and J.W. Jones.
250 ## - EDITION STATEMENT
Edition statement 2nd ed. , TMH ed.
260 ## - PUBLICATION, DISTRIBUTION, ETC. (IMPRINT)
Place of publication, distribution, etc. New Delhi :
Name of publisher, distributor, etc. Tata McGraw-Hill Publishing co.,
Date of publication, distribution, etc. c1982 [Reprinted 1983]
300 ## - PHYSICAL DESCRIPTION
Pagination xiv, 443 p. :
Illustrations ill. ;
Size 25 cm.
500 ## - GENERAL NOTE
General note Includes index
650 #0 - SUBJECT ADDED ENTRY--TOPICAL TERM
Topical term or geographic name as entry element Air conditioning.
9 (RLIN) 158664
Topical term or geographic name as entry element Refrigeration and refrigerating machinery.
9 (RLIN) 219049
700 1# - ADDED ENTRY--PERSONAL NAME
Personal name Jones, J. W.
Fuller form of name (Jerold W.) , jt. author
942 ## - ADDED ENTRY ELEMENTS (KOHA)
Source of classification or shelving scheme Dewey Decimal Classification
Koha item type Books
Holdings
Lost status Source of classification or shelving scheme Damaged status Not for loan Collection code Permanent Location Current Location Shelving location Date acquired Source of acquisition Cost, normal purchase price Total Checkouts Full call number Date last seen Copy number Koha item type
  Dewey Decimal Classification   Not For Loan Non-fiction Central Library, University of Rajshahi Central Library, University of Rajshahi Reading Room 26/08/1984 Tulip, Dhaka 36.00   621.5 STR 1983 07/11/2016 C-1 Books